Personnages Naruto selon village - Statistiques

Statistiques générales
  • Ce quiz a été pris 381 fois
  • Le résultat moyen est 12 sur 15
Statistiques - réponses
Hint Réponse % Correct
Naruto Konoha
100%
Gaara Suna
96%
Madara Konoha
90%
Kisame Kiri
89%
Danzo Konoha
87%
Kankuro Suna
85%
Zabuza Kiri
82%
Suigetsu Kiri
78%
Nagato Ame
76%
Yahiko Ame
72%
Omoï Kumo
71%
Orochimaru Oto
71%
Darui Kumo
70%
Onoki Iwa
68%
Kurotsuchi Iwa
65%
Aucun quiz correspondant
Distribution des résultats
% des personnes avec chaque résultat
Percentile par nombre de réponses
Votre historique - résultats
Vous n’avez pas pris ce quiz